[Event "Olympiad-42"]
[Site "Baku"]
[Date "2016.09.11"]
[Round "9.1"]
[White "Cordova, Emilio"]
[Black "Rodshtein, Maxim"]
[Result "1-0"]
[WhiteElo "2638"]
[BlackElo "2687"]
[Annotator "Ftacnik,L"]
[PlyCount "73"]
[EventDate "2016.09.02"]
[EventType "team-swiss"]
[EventRounds "11"]
[EventCountry "AZE"]
[SourceTitle "CBM 175"]
[Source "ChessBase"]
[SourceDate "2016.11.10"]
[SourceVersion "1"]
[SourceVersionDate "2016.11.10"]
[SourceQuality "1"]
[WhiteTeam "Peru"]
[BlackTeam "Israel"]
[WhiteTeamCountry "PER"]
[BlackTeamCountry "ISR"]

1. Nf3 c5 2. c4 Nc6 3. d4 cxd4 4. Nxd4 Nf6 5. Nc3 e6 6. Bg5 {Cordova is
following the example of top players who are lately trying to enrich the
theory of this neglected line. Development of the white bishop seems to be
logical, but it does not necessarily amount to any advantage.} Bb4 (6... Be7 7.
e3 Qa5 (7... O-O 8. Be2 Qa5 (8... d5 9. cxd5 Nxd4 (9... Nxd5 10. Nxc6 bxc6 11.
Bxe7 Qxe7 12. Rc1 Rb8 13. Qc2 Qb4 14. b3 Rb6 15. Qd2 Nxc3 16. Rxc3 Ba6 17. Rc2
c5 18. Bxa6 Rxa6 19. Qxb4 cxb4 20. Ke2 $11 {1-0 (41) Wojtaszek,R (2733)
-Sutovsky,E (2622) Poikovsky 2016}) 10. Qxd4 Nxd5 11. Bxe7 Nxe7 12. O-O-O Qxd4
13. Rxd4 e5 14. Rd2 Be6 15. b3 Rfd8 16. Rhd1 Rxd2 17. Rxd2 Kf8 18. Bf3 Nc6 19.
Ne4 Rb8 20. Nd6 f5 21. Nxb7 e4 22. Nc5 $16 {1-0 (42) Sargissian,G (2689)
-Grischuk,A (2750) Reykjavik 2015}) 9. Bh4 Rd8 10. O-O d5 11. cxd5 Nxd4 12.
Qxd4 Nxd5 13. Bxe7 Nxe7 14. b4 Qc7 15. Nb5 Qd7 16. Qb2 Nc6 17. Rfd1 Qe7 18.
Rxd8+ Nxd8 19. Rd1 $14 {1/2-1/2 (33) Gelfand,B (2700)-Kramnik,V (2775)
Amsterdam 1996}) 8. Bh4 (8. Bxf6 Bxf6 9. Qd2 Nxd4 10. exd4 O-O 11. a3 Qd8 12.
f4 b6 13. Be2 Ba6 14. Bf3 Rc8 15. b3 Qc7 16. Ne4 Be7 17. Kf2 Bb7 18. Rhc1 a6
19. b4 f5 20. Ng3 Bh4 21. Bxb7 Qxb7 22. Kg1 $11 {1/2-1/2 (60) Krasenkow,M 
(2614)-Ragger,M (2688) Austria 2015}) 8... Ne4 (8... Bb4 9. Rc1 Ne4 10. Qc2
Nxd4 11. exd4 Bxc3+ 12. bxc3 Nd6 13. d5 Qc5 14. Bd3 Nxc4 15. Qe2 b5 16. Be4 f5
17. Bxf5 Bb7 18. Bxe6 dxe6 19. Qxe6+ Kf8 20. Qf5+ Kg8 21. Qe6+ {1/2-1/2 (23)
Bocharov,D (2611)-Grischuk,A (2752) Novosibirsk 2016}) 9. Bxe7 Nxc3 10. Qd2
Nxe7 11. Nb5 O-O 12. Qxc3 Qxc3+ 13. Nxc3 b6 14. O-O-O Rd8 15. Be2 Bb7 16. e4 f5
17. exf5 Nxf5 18. Rhg1 Rac8 19. Rd2 Kf8 20. g3 Ke7 21. Re1 Nd6 22. b3 b5 23.
Red1 Ne4 24. Nxe4 Bxe4 25. Kb2 {1/2-1/2 (25) Kramnik,V (2772)-Leko,P (2738)
Miskolc 2007}) (6... h6 7. Bh4 Qb6 8. Bxf6 $5 (8. Nb3 d5 9. e3 dxc4 10. Bxc4
Qb4 11. Qe2 Ne4 12. a3 Nxc3 13. Qd3 $1 Qb6 14. Qxc3 $36) 8... gxf6 9. Nb3 f5
10. e3 Rg8 11. Qd2 a6 12. O-O-O Qc7 13. Kb1 b6 14. e4 f4 15. g3 Bb7 16. gxf4
Rg4 {1-0 (42) Pelletier,Y (2583)-Bruzon Batista,L (2667) Biel 2006} 17. f5 $1
$16) (6... Bc5 7. e3 O-O 8. Be2 a6 9. O-O Be7 10. Rc1 d6 11. Qd2 Bd7 12. Rfd1
Nxd4 13. Qxd4 Bc6 14. a3 Qa5 15. Bh4 Rfd8 16. Ra1 d5 17. b4 Qc7 18. Bg3 Bd6 19.
Bxd6 Qxd6 20. c5 Qe7 21. Qe5 Nd7 $11 {1/2-1/2 (43) Kortschnoj,V (2659)
-Iljushin,A (2515) Smolensk 2000}) (6... Qa5 7. Bxf6 gxf6 8. e3 Nxd4 9. exd4
Bb4 10. Qf3 Bxc3+ 11. bxc3 Ke7 12. Be2 b6 13. O-O Ba6 14. d5 Qc5 15. Rad1 d6
16. dxe6 fxe6 17. Rfe1 $14 {1/2-1/2 (32) Stocek,J (2596)-Oleksienko,M (2564)
Benasque 2011}) 7. Rc1 {In my understanding of chess this seems to be more
sensible than 7.Ndb5 which breaks the rule of not playing more than once with
the same piece in any opening.} (7. Ndb5 h6 (7... O-O 8. a3 Bxc3+ 9. Nxc3 d5
10. e3 h6 11. Bh4 d4 12. exd4 Qxd4 13. Qxd4 Nxd4 14. O-O-O e5 15. Bd3 Bf5 16.
Bxf5 Nxf5 17. Bxf6 gxf6 18. Rd7 Rab8 19. b3 Rfd8 20. Rhd1 Nd4 21. Rxd8+ Rxd8
22. Kb2 $14 {1-0 (59) Bistric,F (2494)-Leventic,I (2443) Pula 2002}) 8. Bh4 a6
9. Nd6+ Ke7 10. Bxf6+ gxf6 11. Nxc8+ Rxc8 12. e3 Bxc3+ 13. bxc3 Na5 14. Qd4 Qc7
15. Rd1 Rhd8 16. Be2 Nxc4 17. O-O d5 18. Qh4 Nd6 19. Bd3 Qa5 20. Qxh6 Qxa2 21.
Qf4 Qb2 $17 {0-1 (57) Jurcik,M (2484)-Druska,J (2474) Banska Stiavnica 2016})
7... h6 (7... Qa5 8. Bxf6 gxf6 9. a3 Bxc3+ (9... Be7 10. e3 Qe5 11. Be2 b6 12.
Nxc6 dxc6 13. Bf3 Bb7 14. O-O Bd6 15. g3 Rc8 16. b4 Ke7 17. c5 bxc5 18. Ne4
cxb4 19. Nxd6 Qxd6 20. Qa4 Ba8 21. axb4 Qb8 22. Qa3 c5 23. Bxa8 Qxa8 {1-0 (28)
Graf,A (2621)-Atakisi,U (2388) Athens 2008} 24. bxc5 $16) 10. Rxc3 Nxd4 11.
Qxd4 Qe5 12. Qd2 b6 13. f4 Qf5 14. g4 Qc5 15. Bg2 Rb8 16. b4 Qe7 17. O-O Rg8
18. Rg3 {1-0 Stangl,M-Pezerovic,E/Munich op9192 1992/ (38)}) (7... O-O 8. e3 d5
9. a3 Be7 10. Be2 Nxd4 11. Qxd4 dxc4 12. Qxc4 Bd7 13. O-O Bc6 14. e4 Rc8 15.
Qd3 Qa5 16. Bd2 Qe5 17. f4 Qb8 18. Be3 Rfd8 19. Qb1 e5 20. f5 b5 21. b4 Qb7 22.
Bf3 Rc7 $11 {1/2-1/2 (52) Zhigalko,A (2610)-Quparadze,G (2471) Malatya 2016})
8. Bh4 (8. Bxf6 Qxf6 9. Ndb5 O-O 10. a3 Be7 11. e3 Rd8 12. Be2 a6 13. Nd4 d5
14. Nxc6 bxc6 15. O-O Rb8 16. Qc2 a5 17. Rfd1 Bd7 18. Bf3 Bd6 19. Na4 Be5 20.
Rb1 Be8 $15 {1/2-1/2 (44) Lautier,J (2560)-Wojtkiewicz,A (2510) Polanica Zdroj
1991}) 8... g5 {In the modern times of computers and databases Black has lost
all innocence concerning the early advance g7-g5 in openings. Black can truly
afford the exposure of the kingside pawns if he can support his weaknesses
with pieces.} (8... O-O 9. e3 Bxc3+ 10. bxc3 Ne5 11. Be2 Ng6 12. Bxf6 Qxf6 13.
O-O d6 14. Qa4 Rd8 15. Rfd1 Bd7 16. Qa3 Be8 17. Nb3 Qe7 18. Rd2 $11 {1/2-1/2 
(18) Psakhis,L (2599)-Har Zvi,R (2507) Ramat Aviv 2000}) (8... Qb6 9. Bxf6 gxf6
10. e3 Rg8 11. Qd2 f5 $6 12. g3 $14 {Porath-Evans Amsterdam izt 1964}) (8...
Nxd4 9. Qxd4 b6 10. e4 Bb7 11. Be2 d6 12. f3 g5 13. Bf2 Bc5 14. Qd2 Ke7 15. O-O
Rg8 16. a3 Rg6 17. b4 Bxf2+ 18. Rxf2 a6 19. Qe3 Qc7 20. Bd3 $16 {1-0 (37) Graf,
A (2445)-Tukmakov,V (2580) Riga 1988}) 9. Bg3 Ne4 10. e3 (10. Ndb5 Nxg3 11.
hxg3 a6 12. Nd6+ Ke7 13. Nxc8+ Rxc8 14. e3 (14. a3 Bd6 15. e3 Bb8 16. Be2 Na5
17. Ne4 f5 18. Nd2 Nc6 19. c5 d5 20. b4 Qf8 21. Qb3 Qf6 $11 {1-0 (46) Buhmann,
R (2570)-Hulak,K (2552) Austria 2008}) 14... d5 15. cxd5 Qxd5 16. Qxd5 exd5 17.
a3 Bxc3+ 18. Rxc3 d4 19. exd4 {1/2-1/2 (19) Gelfand,B (2691)-Shirov,A (2726)
Monte Carlo 1999}) 10... d5 11. Be2 O-O 12. O-O Bxc3 {The computers would like
to solve the riddle of achieving equality with a slightly different approach
which is also figting for the centre.} (12... Nxd4 13. Qxd4 Bxc3 14. bxc3 b6
15. cxd5 Qxd5 16. Be5 f6 17. Bc7 Rf7 $11) 13. bxc3 dxc4 14. Bxc4 (14. Nxc6 bxc6
15. Qd4 Qxd4 16. cxd4 Ba6 17. Rfe1 Nxg3 18. hxg3 Rfb8 19. Bxc4 $14) 14... Bd7
15. Bd3 Nxg3 16. hxg3 (16. fxg3 Ne5 17. Be4 f5 18. Bxb7 Rb8 $11) 16... e5 $1 {
Rodshtein cleverly combines the control of the light squares with very strong
play on the dark ones.} 17. Qh5 (17. Nf5 Bxf5 (17... Qf6 18. Nd6 Rab8 19. c4
$14) 18. Bxf5 Qxd1 19. Rfxd1 Rfd8 $11) 17... Qf6 (17... exd4 $2 18. Qxh6 f5 19.
Bc4+ $18) 18. Nb3 (18. Nb5 Rfd8 19. Nc7 Rac8 20. Nd5 Qg7 21. e4 Be6 $11) 18...
Rad8 (18... b6 19. Rfd1 Be6 $11) 19. Bb1 b6 20. f4 Qg7 {Very conservative, but
not the only sensible solution to the tension after the f-pawn advance.} (20...
gxf4 21. exf4 Qg7 22. Qh4 f6 $11) 21. f5 f6 {After this move Black has too
many elements controlling the dark squares in the position and his task will
be to rebalance forces towards parity.} (21... Qf6 $2 22. Nd2 $16) 22. Be4 (22.
Qe2 g4 23. c4 Qg5 24. c5 h5 $11) 22... Ne7 (22... g4 $1 23. Bd5+ Kh8 24. e4 Be8
25. Qh1 Ne7 26. c4 Qg5 27. Kf2 $11) 23. Qe2 (23. c4 g4 24. c5 Bb5 25. Rfd1 $11)
23... Qf7 (23... g4 $1 24. c4 Qg5 25. Qf2 $11) 24. c4 Ba4 {For some strange
reason Black got the feeling that he can put pressure against the b3-knight.
The really dangerous piece was on e4 so he should have preferred 24...Bc6 with
equality.} (24... Bc6 $1 25. Bxc6 Nxc6 26. g4 $11) 25. c5 Bxb3 $2 {Definitely
the wrong plan as the light-squared bishop will be sorely missing in the
defence of the kingside. Black must have been suffering from some strategic
delusion as the dangers are quite obvious.} (25... Kg7 26. c6 Rc8 27. c7 Nd5
28. Qa6 $1 $16) (25... Nd5 26. Bd3 Kg7 27. e4 Nc7 $11) 26. axb3 bxc5 (26...
Qxb3 27. c6 Nd5 28. c7 Rc8 29. Qc2 Qxe3+ 30. Kh2 Nxc7 31. Bb7 $16) 27. Rxc5 (
27. Bd3 $5 Kh8 28. Bc4 Qh7 29. Be6 $16) 27... Qxb3 $2 {[%mdl 32] Some comedies
are full of errors and then they easily turn to tragedies full of tears. Three
successive errors are pretty rare, but nobody is immune from misconceptions or
misclaculations.} (27... Nd5 28. Ra1 Nb6 29. b4 $14) 28. Rc7 $2 (28. Rb1 $1 Qa3
29. Rc7 Nd5 (29... Rc8 30. Qc4+ Kh8 31. Rbb7 Qxe3+ 32. Kh2 Rxc7 33. Qxc7 $18)
30. Bxd5+ Rxd5 31. Qh5 $18) 28... Rf7 $2 (28... Nd5 $1 29. Bxd5+ Qxd5 30. Qh5
Rd7 31. Qg6+ Kh8 32. Qxh6+ Kg8 33. Qg6+ Kh8 34. Rfc1 Qf7 $11) (28... Qb4 29.
Bb1 $1 Rd2 30. Qa6 Qb2 (30... Kh8 31. Qxa7 Re8 32. Rb7 $16) 31. Be4 Rf7 32. Qe6
Qb4 33. Bc2 $18) 29. Rb1 Qa4 30. Bc2 $1 {The bishop is heading towards b3
hoping to create havoc in Black's position.} Qa5 31. Rbb7 Rd2 (31... Kf8 32.
Qh5 Qa1+ 33. Kh2 Qa3 34. Qxh6+ Kg8 35. Rxe7 Rxe7 36. Rxe7 Qxe7 37. Bb3+ $18)
32. Qc4 Nd5 {Cordova probably did not have enough time to calculate the
sacrifice of the queen on c4 followed by the mating attack on the 8th rank.
His solution is good enough but in strength it simply pales in comparision.} (
32... Qd5 33. Qxd5 Nxd5 34. Rxf7 Rxc2 35. Rfd7 $18) 33. Rc8+ (33. Rxf7 Rxg2+ (
33... Qa1+ 34. Kh2 Rxg2+ 35. Kxg2 Nxe3+ 36. Kh2 Nxc4 37. Rfd7 $18) 34. Kxg2
Nxe3+ 35. Kh3 Nxc4 (35... g4+ 36. Qxg4+ Nxg4 37. Bb3 Nf2+ 38. Kg2 $18) 36. Rfd7
Qb6 37. Bb3 $18) 33... Kg7 34. Rxf7+ Kxf7 35. Be4 Ke7 {The king should have
run towards the corner as winning would present White with slightly more
precise work.} (35... Kg7 36. Qc6 Ne7 37. Qb7 Kf7 38. Rc7 Qa3 39. Bd5+) 36. Qc6
Rd1+ (36... Qb6 37. Qe8+ Kd6 38. Qe6#) 37. Kh2 {The black king is utterly
helpless against the white pieces.} 1-0

[Event "Interzonal-14c"]
[Site "Zagreb"]
[Date "1987.??.??"]
[Round "8"]
[White "Eingorn, Vereslav S"]
[Black "Hulak, Krunoslav"]
[Result "1-0"]
[WhiteElo "2575"]
[BlackElo "2495"]
[Annotator "Ftacnik,L"]
[PlyCount "93"]
[EventDate "1987.08.01"]
[EventType "tourn"]
[EventRounds "17"]
[EventCountry "YUG"]
[EventCategory "12"]
[SourceTitle "CBM 004"]
[Source "ChessBase"]
[SourceDate "1988.06.01"]
[SourceVersion "1"]
[SourceVersionDate "1988.06.01"]
[SourceQuality "1"]

1. Nf3 Nf6 2. c4 c5 3. Nc3 Nc6 4. d4 cxd4 5. Nxd4 e6 6. g3 Qb6 7. Nb3 Bb4 8.
Bg2 d5 $6 9. cxd5 Nxd5 10. O-O Nxc3 11. bxc3 Be7 12. Be3 Qc7 13. Nd4 Bd7 (13...
O-O 14. Nxc6 bxc6 15. Qa4 $16) (13... Nxd4 14. cxd4 O-O 15. Qb3 $16) 14. Nb5
Qb8 15. Rb1 Nd8 (15... a6 16. Nd4 Qc8 17. Nxc6 Bxc6 18. Bxc6+ Qxc6 19. Rb6 $18)
16. Qd4 e5 17. Qc4 Bc6 (17... O-O 18. Nc7 Qc8 19. Bd5) 18. Bc5 $1 (18. Nxa7 $5
Bxg2 19. Kxg2 Rxa7 20. Qb5+ Kf8 21. Bxa7 Qxa7 $44) 18... a6 (18... Bxg2 19.
Bxe7 Bxf1 20. Bd6 Qc8 21. Nc7+ Kd7 22. Qd5) 19. Bxe7 axb5 20. Qh4 f6 21. Bb4
Bxg2 (21... Qc7 22. Rbd1) 22. Kxg2 Qc7 23. Rbd1 h5 (23... Ne6 $16) (23... Nc6
$16) 24. Rd5 Nf7 25. Qe4 Qc6 26. Rfd1 Rd8 27. f3 Rxd5 28. Rxd5 h4 29. Qd3 hxg3
30. hxg3 Qc4 31. Rd7 Qxd3 32. Re7+ Kd8 33. exd3 Ng5 34. Rxg7 Kc8 35. Ba5 Kb8
36. Bc7+ Ka7 37. Bxe5 Nxf3 38. Bxf6 Ne1+ 39. Kf2 Nxd3+ 40. Ke3 Nc1 41. Rxb7+
Kxb7 42. Bxh8 Nxa2 43. g4 Kc6 44. g5 Kd5 45. g6 Ke6 46. Kd2 b4 47. c4 1-0

[Event "Olympiad-35"]
[Site "Bled"]
[Date "2002.11.10"]
[Round "14.1"]
[White "Gelfand, Boris"]
[Black "Van Wely, Loek"]
[Result "1/2-1/2"]
[WhiteElo "2704"]
[BlackElo "2681"]
[Annotator "Gelfand,B"]
[PlyCount "94"]
[EventDate "2002.10.26"]
[EventType "team-swiss"]
[EventRounds "14"]
[EventCountry "SLO"]
[SourceTitle "CBM 092"]
[Source "ChessBase"]
[SourceDate "2003.02.06"]
[SourceVersion "1"]
[SourceVersionDate "2003.02.06"]
[SourceQuality "1"]
[WhiteTeam "Israel"]
[BlackTeam "Netherlands"]
[WhiteTeamCountry "ISR"]
[BlackTeamCountry "NED"]

1. Nf3 Nf6 2. c4 c5 3. d4 cxd4 4. Nxd4 e6 5. Nc3 Nc6 6. g3 Qb6 7. Ndb5 Ne5 8.
Bg2 a6 9. Na3 $5 Bxa3 10. bxa3 Nxc4 11. Bg5 h6 $146 (11... Qc5 12. Bxf6 gxf6
13. O-O Ne3 14. Qd3 Nxf1 15. Ne4 Qc7 16. Nxf6+ Ke7 17. Qd4 Nd2 18. Qh4 Kf8 19.
Qh6+ Ke7 20. Qg5 Kf8 21. Qh6+ Ke7 {1/2-1/2 Agrest,E-Kovacevic,A/Halkidiki GRE
2002 (21)}) (11... d5 12. O-O O-O 13. Rc1 Rd8 14. Bxf6 gxf6 15. e4 d4 16. Na4
Qb5 17. Rxc4 Qxc4 18. Nb6 Qc5 19. Nxa8 Bd7 20. Qg4+ Kf8 21. Qf4 Rxa8 22. Qxf6
Rc8 23. e5 Bb5 {1/2-1/2 Agrest,E-Wedberg,T/Skara SWE 2002 (23)}) 12. Bxf6 gxf6
13. O-O Rb8 14. Rc1 Qd6 $1 15. Qc2 (15. Nd5 $6 b5 (15... exd5 16. Rxc4) 16.
Nxf6+ Ke7) 15... b5 (15... Qd2 16. Qb3) 16. a4 Qe5 (16... Qd2 17. Qb1 $44) 17.
axb5 axb5 18. a4 $5 bxa4 19. Qxa4 Nd2 $8 (19... Nb6 20. Qa7) 20. Rfd1 Nb3 21.
Rc2 O-O 22. Nd5 $1 (22. Bd5 $6 exd5 23. Nxd5 d6) 22... exd5 23. Bxd5 Nc5 (23...
Bb7 24. Qxb3 Bxd5 25. Qxd5 $14) 24. Rxc5 Qxe2 25. Rcc1 Bb7 26. Qxd7 Bxd5 27.
Qxd5 Rb2 $14 (27... Rfc8) 28. Qd4 Qe5 29. Qg4+ Qg5 30. Qf3 Rfb8 31. h4 Qg6 32.
Rc4 (32. Rc6 R2b3 33. Qxf6 Qxf6 34. Rxf6 R3b6 $11) 32... R2b3 33. Qf4 Kg7 34.
Rd7 R3b7 35. Rxb7 Rxb7 36. Qf3 Qb1+ $2 (36... Rb1+ 37. Kg2 h5 $14) 37. Kh2 $2 (
37. Kg2 $1 f5 38. Qc3+ f6 39. Rc7+ Rxc7 40. Qxc7+ Kg8 (40... Kg6 41. h5+ $18)
41. Qd8+ Kf7 42. Qd7+ Kf8 (42... Kg8 43. Qe8+ Kg7 44. Qe7+ Kg8 45. Qxf6 Qe4+
46. Kh2) 43. Qh7 Qe4+ (43... Qc1 44. Qxf5 Qc6+ 45. Kh3 Kg7 46. h5 Qe8 47. g4
Qf7 48. Kh4 Qe8 49. Qd3 Qf7 50. Qe4 $22) 44. Kh2 Qf3 45. Qxh6+ Kf7 46. Qe3 Qd5
$16) 37... f5 38. Rc6 f6 39. Rc8 Qe4 40. Qc3 h5 41. Qc5 Re7 42. Rd8 f4 43. Qxh5
fxg3+ 44. Kxg3 Qe5+ 45. Qxe5 Rxe5 46. Kg4 Kg6 47. Rd6 Ra5 1/2-1/2

[Event "Bermuda"]
[Site "Bermuda"]
[Date "2004.01.24"]
[Round "9"]
[White "Gelfand, Boris"]
[Black "Macieja, Bartlomiej"]
[Result "1/2-1/2"]
[WhiteElo "2709"]
[BlackElo "2653"]
[Annotator "Gelfand,B"]
[PlyCount "82"]
[EventDate "2004.01.15"]
[EventType "tourn"]
[EventRounds "10"]
[EventCountry "BER"]
[EventCategory "16"]
[SourceTitle "CBM 099"]
[Source "ChessBase"]
[SourceDate "2004.03.30"]
[SourceVersion "1"]
[SourceVersionDate "2004.03.30"]
[SourceQuality "1"]

1. Nf3 {Ribli} Nf6 2. c4 c5 3. Nc3 Nc6 4. d4 cxd4 5. Nxd4 e6 6. g3 Qb6 7. Ndb5
Ne5 8. Bg2 a6 9. Na3 {Ribli: 'Dieser Zug ist sehr populär in der letzten Zeit
und wird besonders von den Großmeistern Agrest und Gelfand gespielt. Weiß
opfert Material am Damenflügel, aber bekommt Initiative auf den dunklen
Feldern als Kompensation. '} (9. Qa4 {Ribli} Rb8 10. Be3 Bc5 11. Bxc5 Qxc5 12.
Qa3 b6 13. Nd6+ Ke7 14. Qxc5 bxc5 15. Nxc8+ Rhxc8 {Das ist eine bekannte
Variante, wo die Stellung ungefaehr gleich ist.}) 9... Bxa3 {Ribli: 'Das ist
die prinzipielle Fortsetzung - Schwarz nimmt die Herausforderung an.'} (9...
Be7 {(Ribli) Das ist die ruhige Fortsetzung, aber die schwarze Stellung wird
etwas passiv.} 10. O-O d6 (10... Qc7 11. Bf4 d6 12. Rc1 Rb8 13. c5 $1 Nfd7 (
13... dxc5 14. Nab5 $18) 14. cxd6 Qxd6 15. Qc2 $16) 11. Qb3 Qc7 12. Bf4 O-O 13.
Rfd1 Ng6 14. Be3 $14) 10. bxa3 Nxc4 11. Bg5 Qd8 $5 $146 {Ribli: 'Schwarz geht
zurück mit der Dame und im Falle von Bxf6 kann Schwarz eventuell Qxf6 spielen.'
} 12. Rc1 d5 (12... O-O $142 13. O-O (13. Qd4 d5 14. e4 e5 15. Qd3 (15. Qc5 b6
16. Qb4 d4 17. Bxf6 gxf6 18. Nd5 b5) 15... d4 16. Qxc4 dxc3 $11) 13... h6 $1
14. Bxf6 Qxf6 15. Ne4 Qe7 16. Rxc4 d5 17. Rc3 (17. Rb4 dxe4 18. Bxe4 e5) (17.
Rxc8 Raxc8 18. Nd2 Qxa3 $17) 17... dxe4 18. Bxe4 e5 19. Qc1 $14) 13. O-O Ne5 (
13... h6 14. Bxf6 Qxf6 15. e4 $1 (15. Bxd5 $6 exd5 16. Nxd5 Qc6 17. Qd4 Be6 $5
(17... b5 18. Qxg7 (18. Qe4+ Kf8) 18... Qxd5 19. Qxh8+ Ke7 20. Qxh6 Bb7 21. e4
Qe5 $13) 18. e4 (18. Qxg7 Rf8 19. Nf6+ Ke7 20. Qxh6 Bf5 $17) 18... b5 19. Qxg7
Rf8 $13) 15... d4 16. Na4 e5 17. Rxc4 b5 18. Rxd4 (18. Rc7 bxa4 19. Qxa4+ Kf8
$16) 18... exd4 19. e5 $18) (13... Nd6 $6 14. e4 Ndxe4 (14... dxe4 15. Qd4) 15.
Bxe4 dxe4 16. Qxd8+ Kxd8 17. Nxe4 $18) (13... b5 14. e4 h6 $1 (14... Bb7 15.
exd5 O-O 16. Ne4) 15. Bxf6 Qxf6 16. exd5 O-O 17. dxe6 $16) (13... O-O 14. e4 d4
15. Ne2 d3 16. Nf4 Ne5 17. Nh5 $36) 14. Bxf6 $2 (14. e4 $142 $1 d4 15. Qa4+ (
15. f4 Neg4 (15... Nc4 16. e5) 16. Qa4+ Bd7 (16... Qd7 17. Rfd1) 17. Qxd4 Bc6
$14) 15... Qd7 16. Rfd1 Nc6 17. e5 $16) 14... gxf6 15. Qd2 {'©' Ribli. Ribli:
'Weiß hat einen Bauern weniger, aber der gegnerische König steht in der Mitte.
Weiß plant 16.Qh6 zu spielen, mit Angriffschancen am Königsflügel.'} b5 {
Ribli: 'Schwarz beschäftigt sich nicht mit 16.Qh6, er entwickelt den
Damenflügel.'} (15... O-O 16. Rfd1 f5 17. e4 fxe4 18. Nxe4 $44) 16. Qh6 (16. e4
d4 17. Ne2 Nc4 $11) 16... Bb7 17. Rcd1 {'!' Ribli. Ribli: 'Der andere Turmzug
scheint auf den ersten Blick logischer, aber im Falle von 17.Rfd1 kann der c1R
in der Fesselung sein.'} (17. Rfd1 Rc8) 17... Qe7 $2 (17... Ke7 $1 18. e4 (18.
Ne4 Nd7 $1) 18... d4 19. Ne2 $1 (19. f4 Ng4 20. Qh4 h5) 19... d3 20. Nf4 $13) (
17... Rc8 {Ribli} 18. Ne4 Ng6 19. Qg7 f5 20. Nf6+ Ke7 21. Nxh7 $13) 18. e4 {
Ribli: 'Weiß muss die Zentrumstellung öffnen.'} O-O-O {Ribli: 'Schwarz spielt
die lange Rochade, was gar nicht typisch für die Englische Eröffnung ist. Er
gibt den Bauern zurück und möchte endlich seinen König in Sicherheit bringen.'}
(18... dxe4 19. Nxe4 Bxe4 20. Bxe4 {'|^' Ribli.} Rc8 21. Qg7 $16) (18... Rc8
19. exd5 Rxc3 20. d6 Qf8 21. Qxf6 $18) 19. exd5 Kb8 20. Qf4 {Ribli: 'Die weiße
Dame steht aktiv auf f4 und Schwarz hat einige Problemen mit seiner
Königsstellung.'} (20. dxe6 {Ribli} Bxg2 21. Kxg2 fxe6 $11 {[%csl Ge5][%cal
Ge7b7,Gb7g2]}) 20... Ka8 21. a4 (21. Rfe1 $5 Qxa3 (21... Rd7 22. d6 Rxd6 23.
Rxd6 Qxd6 24. Qxf6 Rc8 25. Bxb7+ Kxb7 26. Rxe5 Rxc3 27. Qxf7+ $18) (21... Rhg8
22. d6 Rxd6 23. Rxd6 Qxd6 24. Bxb7+ Kxb7 25. Qxf6) (21... Rhe8 $5) 22. Qxf6 Nd7
$16) 21... b4 {'[]' Ribli. Ribli: 'Schwarz muss die Stellung, wenn möglich,
geschlossen halten.'} (21... bxa4 $2 {Ribli} 22. d6 Qe8 (22... Rxd6 23. Bxb7+
Kxb7 24. Qb4+ Kc6 25. Ne4 $18) 23. Bxb7+ Kxb7 24. Qxf6 $18) 22. d6 Rxd6 23.
Qxb4 (23. Bxb7+ $2 Qxb7 24. Rxd6 bxc3 $1 (24... Nf3+ 25. Kh1 bxc3 (25... Nd2+
26. Nd5 Nxf1 27. Rxa6+) 26. Rxa6+ Qxa6 27. Qxf3+ Qb7 28. Kg2 $14) 25. Qxf6 $140
Nf3+ 26. Kh1 (26. Kg2 Ne1+ 27. Kh3 Qg2+) 26... Nd2+ $17) 23... Rd7 24. Qa5 Bxg2
25. Rxd7 (25. Kxg2 Ra7) 25... Qxd7 26. Qxa6+ {Ribli: 'Auf diese Weise erhalten
wir auch die Partiefortsetzung.'} Qa7 27. Qxa7+ Kxa7 28. Kxg2 {Ribli: 'Nach
forcierten Vereinfachungen haben wir eine Stellung, in der Weiß einen Bauern
mehr hat, aber seine Bauern auf der a-Linie sind entwertet. Trotzdem muss
Schwarz vorsichtig sein, weil sein König weit entfernt vom Königsflügel steht,
der bald zum Hauptkriegsschauplatz wird.'} Rc8 29. Rc1 (29. Ne4 f5 30. Nf6 h6
31. Re1 $5) 29... Ka6 {Ribli: 'Jetzt droht schon 30...Nd3.'} 30. Ne2 Rxc1 31.
Nxc1 Ka5 {Ribli: 'Der aktive schwarze König neutralisiert die weißen Bauern am
Damenflügel.'} 32. Nb3+ (32. f4 $5 Ng4 (32... Nc4 33. Nb3+ Kxa4 34. Nc5+ $5 Ka3
35. Ne4 Ne3+ 36. Kf3 Nd5 37. Nd6 Kxa2 38. Nxf7 Kb3 39. Nd8 Nc7 40. f5 e5 41.
Ne6 $16) 33. h3 Ne3+ 34. Kf3 Nd5 35. Kg4 $5) 32... Kxa4 33. Nc5+ Ka3 34. Ne4
Nd7 $1 35. Kh3 {Ribli: 'Der weiße König strebt nach dem h6-Bauern, aber wegen
des reduzierten Materials kann Schwarz das Remis erreichen.'} (35. Nd6 Kxa2 36.
Nxf7 Kb3 $11) 35... Kxa2 36. Kh4 Kb3 37. Kh5 Kc4 38. Kh6 Kd3 39. Nd6 Ke2 40. f4
e5 41. Kxh7 Kf3 1/2-1/2